000 00282nam a22001337a 4500
003 SGT
082 _a370
_bB86M
100 _aMALHOTRA, P.L.
245 _aBHARAT ME VIDHYALAYI SHIKSHA
260 _aNEW DELHI
_bNCERT
_c1986
300 _a340
650 _aEDUCATION
942 _2ddc
_cBK
999 _c12451
_d12451